000 00322nam a2200157Ia 4500
100 _aKelly Al/ Pohl/ Ira
250 _a3
942 _cBK
654 _acomputer
245 _aC by Dissection
260 _bAddison Wesley Pub
_aNONE
_c1996
082 _a5.133
_bKEL
300 _a687
546 _aENGLISH
999 _c31363
_d31363